| 000 | 00638nam a2200181Ia 4500 | ||
|---|---|---|---|
| 008 | 100921s9999 xx 000 0 und d | ||
| 082 |
_b24214 _a891.463 थ 91 |
||
| 100 | _aमंगेशकर गीता,बांदोडकर गौरी. | ||
| 245 | _aनाटक. | ||
| 260 |
_bप्रिया प्रकाशन, मुंबई. _c1991 |
||
| 300 |
_a143 _bमॅजेस्टीक प्रकाशन,पुणे. |
||
| 365 | _b90 | ||
| 520 | _aललित-कादंबरी. | ||
| 630 | _aनाटक. | ||
| 650 | _aललित-कादंबरी. | ||
| 730 | _aनाटक. | ||
| 942 | _cBOOK | ||
| 999 |
_c773327 _d773324 |
||